ბათუმის შოთა რუსთაველის სახელმწიფო უნივერსიტეტის ბიბლიოთეკა

Мозг,машина и математика (ბიბ.ჩანაწერი № 47896)

000 -LEADER
fixed length control field 00572nam a2200217Ia 4500
001 - CONTROL NUMBER
control field 14773
003 - CONTROL NUMBER IDENTIFIER
control field GE_BSU
008 - FIXED-LENGTH DATA ELEMENTS--GENERAL INFORMATION
fixed length control field 181216s||||||||xx |||||||||||||| ||und||
040 ## - CATALOGING SOURCE
Transcribing agency GE_BSU
080 ## - UNIVERSAL DECIMAL CLASSIFICATION NUMBER
Universal Decimal Classification number 621.391
100 ## - MAIN ENTRY--PERSONAL NAME
Personal name Арбис,М.
245 ## - TITLE STATEMENT
Title Мозг,машина и математика
245 ## - TITLE STATEMENT
Statement of responsibility, etc. Под.ред.М.И.Кратко
260 ## - PUBLICATION, DISTRIBUTION, ETC.
Place of publication, distribution, etc. Москва
260 ## - PUBLICATION, DISTRIBUTION, ETC.
Name of publisher, distributor, etc. Наука
260 ## - PUBLICATION, DISTRIBUTION, ETC.
Date of publication, distribution, etc. 1968
300 ## - PHYSICAL DESCRIPTION
Extent 224стр.20см.
300 ## - PHYSICAL DESCRIPTION
Accompanying material Библиогр.: стр.217
653 ## - INDEX TERM--UNCONTROLLED
Uncontrolled term Мозг,машина и математика
942 ## - ADDED ENTRY ELEMENTS (KOHA)
Koha item type წიგნი
ეგზემპლარები
Withdrawn status Lost status Damaged status Not for loan Date acquired Barcode Date last seen Price effective from Koha item type
        2018-12-17 18279 2018-12-17 2018-12-17 წიგნი